00582nam a22001457a 4500003000900000005001700009008004100026040001300067100002300080245006900103260002000172300001800192500002000210520020600230IT-RoPau20220918181218.0131105b xxu||||| |||| 00| 0 eng d cIT-RoPau aAlberione, Giacomo aPrediche del Primo Maestro per un ritiro mensileb15 Agosto 1960 aRomabFSPc1960 a32 pp.c16 cm aPro manuscripto aIndice Prediche del Primo Maestro per un ritiro mensile I - Siamo usciti dalle mani creatrici di Dio II - Abbiamo una missione da compiere in questa vita III - Renderemo conto della nostra vocazione